[Event "107th Annual US Open"]
[Site "Chicago USA"]
[Date "2006.08.06"]
[Round "2"]
[White "Gurevich,D"]
[Black "Buehl,W"]
[Result "1-0"]
[WhiteElo "2507"]
[BlackElo "2067"]

1.d4 Nf6 2.c4 e6 3.g3 c5 4.Nf3 cxd4 5.Nxd4 Nc6 6.Bg2 Bb4+ 7.Bd2 Qa5 8.Nb3 Bxd2+
9.N1xd2 Qc7 10.c5 b6 11.Rc1 Bb7 12.Nc4 O-O 13.Nd6 Ne8 14.Nxb7 Qxb7 15.O-O Nf6
16.Qd6 Rac8 17.e4 e5 18.h3 Rfe8 19.Kh2 Qa6 20.a3 Qe2 21.Qd2 Qxd2 22.Nxd2 Nd4
23.cxb6 axb6 24.Rfd1 Rc6 25.Rxc6 dxc6 26.Nc4 Nd7 27.Nxe5 Nxe5 28.Rxd4 c5
29.Rd5 Nc4 30.Bf1 Na5 31.b4 cxb4 32.axb4 Nb7 33.Ba6 Nd8 34.Bb5 Rf8 35.Rd6  1-0

[Event "Petrovskaja Ladja A1"]
[Site "Peterhof RUS"]
[Date "2006.08.18"]
[Round "7"]
[White "Kosarev,D"]
[Black "Malysheva,P"]
[Result "1-0"]
[WhiteElo "2173"]
[BlackElo "2323"]

1.d4 Nf6 2.c4 e6 3.g3 c5 4.Nf3 cxd4 5.Nxd4 Qc7 6.Nc3 a6 7.Bg2 Qxc4 8.O-O d5
9.Bg5 Nc6 10.Nxc6 bxc6 11.e4 d4 12.Na4 Nd7 13.Rc1 Qb5 14.e5 Bb7 15.Qxd4 c5
16.Bxb7 cxd4 17.Bxa8 f6 18.Rc8+ Kf7 19.Bc6 Qa5 20.Bxd7 fxg5 21.f4 Kg6 22.fxg5 Kxg5
23.Rcxf8 Rxf8 24.Rxf8 Qd5 25.Be8 Qd8 26.Nc5 Qe7 27.Ne4+ Kh6 28.g4 g5 29.Rf6+  1-0

[Event "VIII Open"]
[Site "Sants ESP"]
[Date "2006.08.30"]
[Round "6"]
[White "Matnadze,A"]
[Black "Kunin,V"]
[Result "0-1"]
[WhiteElo "2361"]
[BlackElo "2494"]

1.d4 Nf6 2.c4 e6 3.g3 c5 4.d5 exd5 5.cxd5 d6 6.Nc3 g6 7.Bg2 Bg7 8.Nf3 O-O
9.O-O Bg4 10.Bf4 a6 11.a4 Re8 12.Re1 Bxf3 13.Bxf3 Qc7 14.Bg2 Nbd7 15.a5 Nh5
16.Bd2 b5 17.axb6 Nxb6 18.b3 f5 19.Qc2 Nf6 20.Ra3 Nbd7 21.Rea1 Qb6 22.e3 Ne5
23.Ne2 Ne4 24.Bxe4 fxe4 25.Qxe4 Nf7 26.Qc2 Bxa1 27.Rxa1 Rab8 28.Rb1 Ne5 29.Bc3 Qb7
30.e4 Qf7 31.f4 Nd7 32.Re1 Nf6 33.Nc1 Re7 34.Kg2 Nxe4 35.Ba1 Qxd5 36.Rd1 Nd2+
37.Kg1 Rbe8 38.Rxd2 Re1+ 39.Kf2 Rf1+  0-1

[Event "TCh-BEL 2006-7"]
[Site "Belgium BEL"]
[Date "2006.10.01"]
[Round "1"]
[White "Van der Stricht,G"]
[Black "Feygin,M"]
[Result "1-0"]
[WhiteElo "2407"]
[BlackElo "2482"]

1.d4 e6 2.c4 Nf6 3.g3 c5 4.Nf3 cxd4 5.Nxd4 d5 6.Bg2 e5 7.Nf3 d4 8.O-O Nc6
9.e3 Bc5 10.exd4 exd4 11.Nbd2 O-O 12.Nb3 Qb6 13.Nxc5 Qxc5 14.b3 Bf5 15.Re1 Rfe8
16.Bb2 Rxe1+ 17.Nxe1 Rd8 18.Nd3 Qe7 19.Nf4 d3 20.Qd2 Nd4 21.Bxd4 Rxd4 22.h3 g5
23.Nd5 Nxd5 24.Bxd5 Bxh3 25.Re1 Qf6 26.Re3 Bf5 27.Bxb7 Kg7 28.Bf3 h5 29.c5 h4
30.c6 hxg3 31.fxg3 Qd6 32.Kf2 Qc5 33.Ke1 Rd6 34.g4 Bg6 35.Qb2+ f6 36.Kd2 a5
37.Qc3 Qa3 38.c7 Qxa2+ 39.Kd1 d2 40.Re7+ Kh6 41.Be4  1-0

[Event "7th Veselin Boskovic Mem Op"]
[Site "Beograd SRB"]
[Date "2006.10.05"]
[Round "4"]
[White "Spiric,I"]
[Black "Dakic,D"]
[Result "1-0"]
[WhiteElo "2306"]
[BlackElo "2148"]

1.d4 Nf6 2.c4 e6 3.g3 c5 4.d5 b5 5.dxe6 fxe6 6.Bg2 d5 7.cxd5 exd5 8.Bg5 Bb7
9.Bxf6 Qxf6 10.Nc3 c4 11.Nxd5 Qf7 12.Nh3 Bb4+ 13.Kf1 Bc5 14.b4 Bb6 15.Nxb6 axb6
16.Qd6 Bxg2+ 17.Kxg2 Nd7 18.Rhd1 Rd8 19.Ng5 Qf5 20.Ne6 Kf7 21.Nxd8+ Rxd8
22.Qd5+ Qxd5+ 23.Rxd5 Ke6 24.Rad1 c3 25.Rd6+ Ke7 26.R6d3 c2 27.Rc1 Rc8 28.Rd2 Ne5
29.Rdxc2 Nc4 30.a4 Ra8 31.axb5 Nd6 32.Rc7+ Ke6 33.Rxg7 Ra2 34.Rxh7 Rxe2 35.Rc6 Kd5
36.Rh5+  1-0

[Event "Open A"]
[Site "Le Touquet FRA"]
[Date "2006.10.28"]
[Round "1"]
[White "Dehesdin,W"]
[Black "Pucher,O"]
[Result "0-1"]
[WhiteElo "2096"]
[BlackElo "2306"]

1.d4 Nf6 2.c4 e6 3.g3 c5 4.d5 exd5 5.cxd5 g6 6.Nc3 Bg7 7.Bg2 O-O 8.Nh3 d6
9.O-O Re8 10.f3 Nbd7 11.e4 a6 12.a4 Qc7 13.Nf2 b6 14.Re1 Rb8 15.Bf1 c4 16.Be3 Rb7
17.Ra3 Qb8 18.b4 cxb3 19.Rxb3 Nc5 20.Rb1 Bd7 21.Bxc5 bxc5 22.Bxa6 Rb4 23.Bb5 Qa7
24.Kg2 Qa5 25.Rxb4 cxb4 26.Bxd7 Nxd7 27.Nb5 b3 28.Re3 b2 29.Nd3 b1=Q 30.Qxb1 Qd2+
31.Kh3 Qxe3 32.Nxd6 Rb8 33.Qc2 Qxf3 34.a5 Qf1+ 35.Kg4 h5+  0-1

[Event "14th Chigorin Mem"]
[Site "St-Petersburg RUS"]
[Date "2006.10.29"]
[Round "8"]
[White "Kanep,M"]
[Black "Lanin,A"]
[Result "1-0"]
[WhiteElo "2510"]
[BlackElo "2474"]

1.d4 Nf6 2.c4 e6 3.g3 c5 4.Nf3 cxd4 5.Nxd4 Qc7 6.Bg2 Bb4+ 7.Nc3 Qxc4 8.O-O O-O
9.Ndb5 d5 10.b3 Qc6 11.Bb2 a6 12.a3 Be7 13.Nd4 Qd6 14.Qc2 Nc6 15.Rad1 Rd8
16.Nxc6 bxc6 17.e4 d4 18.e5 Qxe5 19.Ne2 Bc5 20.Nxd4 Bxd4 21.Bxd4 Rxd4 22.Rxd4 Qxd4
23.Rd1 Qxd1+ 24.Qxd1 Nd5 25.b4 a5 26.Qa4 Bb7 27.bxa5 g6 28.Bf1 Ra7 29.a6 Bxa6
30.Bxa6 Nc7 31.Qd4 Rxa6 32.Qd8+ Kg7 33.Qxc7 Rxa3 34.Qe5+  1-0

[Event "TCh-ROM Divizia A Masculin"]
[Site "Predeal ROM"]
[Date "2006.11.04"]
[Round "1"]
[White "Gleizerov,E"]
[Black "Marin,M"]
[Result "1/2-1/2"]
[WhiteElo "2560"]
[BlackElo "2552"]

1.d4 Nf6 2.c4 e6 3.g3 c5 4.d5 exd5 5.cxd5 d6 6.Nc3 g6 7.Nf3 Bg7 8.Bg2 O-O
9.O-O Re8 10.Bf4 Na6 11.Nd2 Nh5 12.Be3 Nc7 13.a4 b6 14.Rc1 Rxe3 15.fxe3 Qe7
16.e4  1/2-1/2

[Event "TCh-ROM Divizia A Masculin"]
[Site "Predeal ROM"]
[Date "2006.11.05"]
[Round "2"]
[White "Marin,M"]
[Black "Ionescu,Co"]
[Result "1/2-1/2"]
[WhiteElo "2552"]
[BlackElo "2427"]

1.d4 Nf6 2.c4 e6 3.g3 c5 4.Nf3 cxd4 5.Nxd4 Qb6 6.Bg2 Bc5 7.e3 Nc6 8.O-O Nxd4
9.exd4 Bxd4 10.Nc3 Be5 11.Qe2 Bb8 12.Be3 Qd8 13.c5 O-O 14.Rfd1 Qe7 15.Rac1 Rd8
16.Nb5 Nd5 17.Bd4 Qf8 18.Be5 b6 19.Bd6 Bxd6 20.Nxd6 bxc5 21.Bxd5 exd5 22.Rxd5 Rb8
23.Rcxc5 Bb7 24.Nxb7 Rxb7 25.Qd2 Rc8 26.b4 g6 27.Qc3 Re8 28.a3 d6 29.Rc6 Rd7
30.Qd4 Re6 31.h4 h5 32.Qc3 Qe7 33.Rc8+ Rd8 34.Rxd8+ Qxd8 35.Rd1 Qa8  1/2-1/2

[Event "10th OIBM"]
[Site "Bad Wiessee GER"]
[Date "2006.11.10"]
[Round "7"]
[White "Kopylov,M"]
[Black "Moiseenko,A1"]
[Result "0-1"]
[WhiteElo "2469"]
[BlackElo "2632"]

1.d4 Nf6 2.c4 e6 3.g3 c5 4.d5 exd5 5.cxd5 b5 6.Bg2 d6 7.a4 b4 8.Nd2 Ba6 9.b3 g6
10.Bb2 Bg7 11.Nh3 O-O 12.Qc2 Re8 13.Nf4 Nbd7 14.Nc4 Bxc4 15.Qxc4 Qe7 16.e3 Nh5
17.Nd3 Ne5 18.Bxe5 Bxe5 19.Ra2 Bc3+ 20.Kf1 Nf6 21.a5 Ne4 22.Bxe4 Qxe4 23.Qxe4 Rxe4
24.Ke2 c4 25.bxc4 Rxc4 26.Rb1 Rb8 27.Rb3 Rc7 28.Rc2 Rcb7 29.e4 Rb5 30.Nc1 a6
31.Kd3 f5 32.Ne2 fxe4+ 33.Kxe4 Re8+ 34.Kf3 Be1 35.Rb1 Rf8+ 36.Kg4 Bxf2 37.Rc6 Rxd5
38.Rxb4 Rxa5 39.Rb7 Be3 40.Rxd6 Rg5+ 41.Kh4 Rh5+ 42.Kg4 Rxh2 43.Nf4 a5 44.Rdd7 a4
45.Rg7+ Kh8 46.Rge7 Bd2 47.Ra7 a3 48.Red7 Bc1 49.Rdc7 Rh1 50.Rcb7 Rc8 51.Nh3 Bb2
52.Rxh7+ Kg8 53.Rhb7 Rd1 54.Nf4 Rd6 55.Kg5 Bf6+ 56.Kh6 Rc1 57.Rb8+ Rd8 58.Rxd8+ Bxd8
59.Kxg6 Rc6+ 60.Kf5 Rc5+ 61.Kg6 Ra5 62.Rd7 Ra6+ 63.Kf5 Ra8 64.Rd1 a2 65.Ra1 Ra5+
66.Ke6 Ra6+ 67.Kf5 Ra5+ 68.Ke6 Bc7 69.Nd3 Ra6+ 70.Kd5 Bxg3 71.Nb4 Ra4 72.Nxa2 Bf2
73.Rf1 Rxa2 74.Ke4 Kg7 75.Kf3 Bd4 76.Rd1 Be5 77.Rd3 Kf6 78.Rd5 Kf5 79.Rb5 Ra3+
80.Ke2 Ke4 81.Rb7 Ra2+ 82.Kd1 Bc3 83.Rd7 Bd4 84.Rc7 Kd3 85.Rb7 Ra1+  0-1

[Event "XV Asiad Men's Rapid"]
[Site "Doha QAT"]
[Date "2006.12.03"]
[Round "6"]
[White "Tamra,A"]
[Black "Hakki,I"]
[Result "0-1"]
[WhiteElo "2102"]
[BlackElo "2433"]

1.d4 Nf6 2.c4 e6 3.g3 c5 4.d5 exd5 5.cxd5 d6 6.Bg2 g6 7.Nf3 Bg7 8.O-O O-O
9.Nc3 a6 10.a4 Re8 11.Bf4 Ne4 12.Nxe4 Rxe4 13.Nd2 Rb4 14.Rb1 g5 15.Be3 Bf5
16.Rc1 Bxb2 17.Rc4 a5 18.Rxb4 axb4 19.Nc4 Bg7 20.h4 gxh4 21.gxh4 Bd7 22.Bg5 Qc7
23.Bf4 Ra6 24.e3 b5 25.axb5 Bxb5 26.Qg4 Bxc4 27.Bh6 f5 28.Qxf5 Bxh6 29.Qg4+ Bg7
30.Qxc4 Ra3 31.Bh3 Nd7 32.Qb5 Nf6 33.Rc1 Ra7 34.h5 h6 35.Qd3  0-1

[Event "Hilton Open"]
[Site "Basel SUI"]
[Date "2007.01.02"]
[Round "2"]
[White "Tschann,S"]
[Black "Nemet,I"]
[Result "1-0"]
[WhiteElo "2201"]
[BlackElo "2367"]

1.d4 Nf6 2.c4 e6 3.g3 c5 4.d5 b5 5.dxe6 fxe6 6.Bg2 d5 7.cxd5 Bb7 8.Nc3 b4
9.Qa4+ Nbd7 10.e4 exd5 11.Nxd5 Nxd5 12.exd5 Bd6 13.Nh3 O-O 14.O-O Kh8 15.Ng5 Qe8
16.Qb5 Nb6 17.Qd3 g6 18.Ne6 Rf5 19.Bh6 Bxd5 20.Ng7 Qc6 21.Nxf5 gxf5 22.Bxd5 Nxd5
23.Rad1 Bf4 24.Qxd5 Qxd5 25.Rxd5 Bxh6 26.Rxc5 f4 27.Rfc1  1-0

[Event "Petrovskaya Ladya IM"]
[Site "Peterhof RUS"]
[Date "2007.01.08"]
[Round "8"]
[White "Khamitskiy,S"]
[Black "Borisova,E"]
[Result "1-0"]
[WhiteElo "2345"]
[BlackElo "2252"]

1.d4 Nf6 2.c4 e6 3.g3 c5 4.d5 exd5 5.cxd5 b5 6.Bg2 d6 7.e4 Nbd7 8.f4 g6 9.Qe2 Qa5+
10.Bd2 b4 11.Na3 Ba6 12.Nc4 Bxc4 13.Qxc4 Bg7 14.Nh3 O-O 15.O-O Ng4 16.e5 dxe5
17.f5 e4 18.Qxe4 Bd4+ 19.Kh1 Ndf6 20.Qc2 Rae8 21.fxg6 hxg6 22.a3 Re2 23.Qd3 Rfe8
24.axb4 Qb6 25.bxc5 Qxb2 26.Rad1 Ne4 27.d6 Qb7 28.Qf3 f5 29.Bc1 Rf2 30.Nxf2 Nexf2+
31.Rxf2 Nxf2+ 32.Qxf2  1-0

[Event "Open A"]
[Site "Prague CZE"]
[Date "2007.01.16"]
[Round "7"]
[White "Belunek,V"]
[Black "Manik,M"]
[Result "1/2-1/2"]
[WhiteElo "2246"]
[BlackElo "2463"]

1.d4 Nf6 2.c4 e6 3.g3 c5 4.d5 exd5 5.cxd5 b5 6.Bg2 Bb7 7.e4 d6 8.Ne2 Be7
9.O-O Nbd7 10.Nd2 O-O 11.h3 Re8 12.g4 Ne5 13.Nf3 Nxf3+ 14.Bxf3 Bf8 15.Ng3 g6
16.Bg2 Nd7 17.Rb1 Bg7 18.g5 f6  1/2-1/2

[Event "ch-Kyiv"]
[Site "Kyiv UKR"]
[Date "2007.01.20"]
[Round "1"]
[White "Burdalev,K"]
[Black "Pavlov,S2"]
[Result "0-1"]
[WhiteElo "2182"]
[BlackElo "2414"]

1.d4 Nf6 2.c4 e6 3.g3 c5 4.Nf3 cxd4 5.Nxd4 d5 6.Bg2 e5 7.Nf3 d4 8.O-O Nc6
9.e3 Bc5 10.exd4 exd4 11.Re1+ Be6 12.Ng5 O-O 13.Nxe6 fxe6 14.Rxe6 d3 15.Be3 Nd4
16.Re5 Ne2+ 17.Kh1 Bxe3 18.Rxe3 Ng4 19.Bd5+ Qxd5+ 20.cxd5 Nxf2+ 21.Kg2 Nxd1
22.Rxd3 Rf2+ 23.Kh3 Rf1 24.Rd2 Ng1+  0-1

[Event "ch-SER Qualification"]
[Site "Belgrade SER"]
[Date "2007.01.26"]
[Round "4"]
[White "Mihic,B"]
[Black "Govedarica,R"]
[Result "1/2-1/2"]
[WhiteElo "2369"]
[BlackElo "2402"]

1.d4 Nf6 2.c4 e6 3.g3 c5 4.d5 exd5 5.cxd5 d6 6.Nc3 g6 7.Bg2 Bg7 8.Nf3 O-O
9.O-O Na6 10.Nd2 Nd7 11.Nde4 Nf6 12.Bf4 Nxe4 13.Nxe4 f5 14.Nc3 Nc7 15.a4 g5
16.Bd2 Bd7 17.Qc1 h6 18.f4 g4 19.e4 h5 20.Re1 fxe4 21.Nxe4 Bf5 22.Bc3 Bxe4
23.Bxe4 Bxc3 24.Qxc3 Qf6 25.Qd3 Kg7 26.Re2 Rae8 27.Rae1 Re7 28.Qc3 Rfe8 29.Kf2 a6
30.Re3 b5 31.Qxf6+ Kxf6 32.axb5 axb5 33.Bg2  1/2-1/2

[Event "ch-Kyiv"]
[Site "Kyiv UKR"]
[Date "2007.01.27"]
[Round "8"]
[White "Golichenko,I"]
[Black "Pavlov,S2"]
[Result "1-0"]
[WhiteElo "2300"]
[BlackElo "2414"]

1.d4 Nf6 2.c4 e6 3.g3 c5 4.d5 exd5 5.cxd5 d6 6.Nc3 g6 7.Bg2 Bg7 8.Nf3 O-O
9.O-O Nbd7 10.Nd2 a6 11.a4 Re8 12.h3 Rb8 13.Nc4 Nb6 14.Na3 Bd7 15.a5 Nc8
16.Nc4 Bb5 17.Qb3 Bxc4 18.Qxc4 Nd7 19.e4 b5 20.axb6 Ncxb6 21.Qe2 c4 22.Be3 Qc8
23.Ra5 Na8 24.Rfa1 Nc7 25.R1a4 Qb7 26.f4 Qxb2 27.Qxb2 Rxb2 28.Rxc4 Nb5 29.Na4 Re2
30.Bf2 Nf6 31.Bf3 Ra2 32.Rxa6 h5 33.Nc5 Rxf2 34.Kxf2 dxc5 35.e5 Nd7 36.d6 Nd4
37.Bd5 Ne6 38.Rca4 Kf8 39.Ra8 Nd8 40.R4a7 Nb6 41.Rxd8 Rxd8 42.Rxf7+ Ke8 43.Rxg7 Nxd5
44.Rxg6 Kf7 45.f5 c4 46.e6+ Kf8 47.e7+ Nxe7 48.Rf6+ Ke8 49.Re6 Rc8 50.Rxe7+ Kd8
51.f6  1-0

[Event "ch-CZE"]
[Site "Praha CZE"]
[Date "2007.02.09"]
[Round "4"]
[White "Jirka,J"]
[Black "Simacek,P"]
[Result "1-0"]
[WhiteElo "2360"]
[BlackElo "2501"]

1.d4 Nf6 2.c4 e6 3.g3 c5 4.d5 exd5 5.cxd5 d6 6.Nc3 g6 7.Bg2 Bg7 8.Nf3 O-O
9.O-O Re8 10.Nd2 a6 11.a4 Nbd7 12.h3 Rb8 13.Nc4 Ne5 14.Na3 Nh5 15.e4 Rf8
16.g4 Qh4 17.gxh5 Bxh3 18.h6 Bh8 19.Qe2 f5 20.Nc2 Bxg2 21.Kxg2 f4 22.f3 Qxh6
23.Rh1 Qg7 24.Ne1 g5 25.Kf1 Rbe8 26.Nd1 Rf6 27.Nf2 Rh6 28.Rg1 Rg6 29.Bd2 Qd7
30.Bc3 b5 31.axb5 axb5 32.Ng4 Nc4 33.Bxh8 Kxh8 34.b3 Ne5 35.Nxe5 Rxe5 36.Ra5 b4
37.Ra8+ Kg7 38.Nd3 Qh3+ 39.Qg2 Qxg2+ 40.Rxg2 Re7 41.e5 dxe5 42.Nxc5 Rd6 43.Rxg5+ Kf7
44.Rf5+ Kg6 45.Raf8 h6 46.Ne6 Rxd5 47.Nxf4+ exf4 48.Rxd5  1-0

[Event "Interclubes Paulista"]
[Site "Sao Paulo BRA"]
[Date "2007.03.04"]
[Round "6"]
[White "D'Israel,D"]
[Black "Oliveira,Je"]
[Result "1/2-1/2"]
[WhiteElo "2277"]
[BlackElo "2292"]

1.d4 Nf6 2.c4 e6 3.g3 c5 4.d5 exd5 5.cxd5 d6 6.Nc3 g6 7.Bg2 Bg7 8.Nf3 O-O
9.O-O Re8 10.Bf4 Nh5 11.Be3 Na6 12.Nd2 Bd7 13.Bf3 Bh3 14.Re1 Rxe3 15.fxe3 Qg5
16.Kf2 Bh6 17.Nc4 Re8 18.Qd2 Nf6 19.Kg1 Ng4 20.Nb5 Ne5 21.Nbxd6 Nxc4 22.Nxc4 b5
23.Nd6 Qe5 24.Ne4 f5 25.Nf2 Bxe3 26.Qc3 Bd4 27.Qd2 Be3 28.Qc3 Bd4  1/2-1/2

[Event "TCh-BEL 2006-7"]
[Site "Belgium BEL"]
[Date "2007.03.11"]
[Round "10"]
[White "Docx,S"]
[Black "Chabanon,JL"]
[Result "0-1"]
[WhiteElo "2347"]
[BlackElo "2417"]

1.d4 Nf6 2.c4 e6 3.g3 c5 4.Nf3 cxd4 5.Nxd4 Bb4+ 6.Nc3 O-O 7.Bg2 d5 8.O-O dxc4
9.Ndb5 Nc6 10.Bf4 e5 11.Bg5 Be7 12.Qa4 a6 13.Rfd1 Qb6 14.Bxf6 axb5 15.Qxa8 Be6
16.Qxf8+ Bxf8 17.Bxc6 Qxc6 18.Bxe5 b4 19.Nb1 Qe4 20.Bd4 Bh3  0-1

[Event "60th ch-RUS sf Urals"]
[Site "Nizhnij Tagil RUS"]
[Date "2007.03.18"]
[Round "5"]
[White "Fokin,Se RUS"]
[Black "Ovetchkin,R"]
[Result "0-1"]
[WhiteElo "2169"]
[BlackElo "2534"]

1.d4 Nf6 2.c4 e6 3.g3 c5 4.Nf3 cxd4 5.Nxd4 d5 6.Bg2 e5 7.Nb3 d4 8.O-O Be7
9.e3 Nc6 10.exd4 exd4 11.N1d2 O-O 12.Nf3 d3 13.Be3 Bg4 14.h3 Bh5 15.Nc5 Bxc5
16.Bxc5 Re8 17.Qb3 Ne4 18.Qxb7 Na5 19.Qd5 Qxd5 20.cxd5 Nxc5 21.b4 Ne4 22.g4 Nc4
23.gxh5 d2 24.Rfd1 Rad8 25.Nxd2 Nexd2 26.Rac1 Re5 27.h6 gxh6 28.Rc2 Re2 29.Rdc1 Rd6
30.a4 Ne5 31.Rc3 Rg6 32.Rg3 Rxg3 33.fxg3 Ndc4  0-1

[Event "VIII Dos Hermanas Internet"]
[Site "ICC INT"]
[Date "2007.03.24"]
[Round "4.3"]
[White "Sammour Hasbun,J"]
[Black "Ibrahimov,R"]
[Result "1-0"]
[WhiteElo "2449"]
[BlackElo "2530"]

1.d4 Nf6 2.c4 e6 3.g3 c5 4.Nf3 cxd4 5.Nxd4 Bb4+ 6.Bd2 Qb6 7.e3 Nc6 8.Nb3 O-O
9.Bg2 d5 10.cxd5 exd5 11.O-O Bg4 12.Qc2 Rac8 13.Nc3 Ne5 14.Nd4 Nc4 15.Be1 Bh5
16.Qb3 Rfd8 17.Na4 Qa6 18.Bxb4 b6 19.Rac1 Bg6 20.Rfd1 h5 21.Nc3 h4 22.Be7 hxg3
23.hxg3  1-0

[Event "9th Open"]
[Site "Dubai UAE"]
[Date "2007.04.26"]
[Round "5"]
[White "Roghani,A"]
[Black "Mchedlishvili,M"]
[Result "0-1"]
[WhiteElo "2375"]
[BlackElo "2609"]

1.d4 Nf6 2.c4 e6 3.g3 c5 4.Nf3 cxd4 5.Nxd4 d5 6.Bg2 e5 7.Nf3 d4 8.O-O Nc6
9.e3 Be7 10.exd4 exd4 11.a3 Be6 12.Qd3 Qd7 13.b4 O-O 14.Rd1 Bf5 15.Qb3 d3
16.Bb2 Rad8 17.Nc3 Bg6 18.Nd5 Nxd5 19.cxd5 Qxd5 20.Qxd5 Rxd5 21.Nh4 Rd6 22.Nxg6 hxg6
23.Rd2 Rfd8 24.Rad1 a5 25.b5 Nd4 26.Bxd4 Rxd4 27.Bf1 Bxa3 28.Rxd3 Bc5 29.Rxd4 Rxd4
30.Rxd4 Bxd4 31.Bc4 Kf8 32.Kf1 Ke7 33.Ke2 a4 34.f3 Bg1 35.h3 f6 36.Kd3 Kd6
37.Kc3 Kc5 38.Bd3 Bd4+ 39.Kc2 b6 40.g4 Kb4 41.Kb1 g5 42.Ka2 Kc3 43.Be4 Bc5
44.Bf5 Kc4 45.Bd7 Kd4 46.Bf5 Ke3 47.Be4 Kf4 48.Kb2 Kg3 49.Ka2 Kxh3 50.Bc2 Kg3
51.Be4 Kf4 52.Kb2 Ke5 53.Kc3 Kf4 54.Kb2 Bb4 55.Ka2 Ke5 56.Bc2 Kf4 57.Be4 Ke3
58.Kb1 g6 59.Bxg6 Kxf3 60.Bf5 Ke3 61.Bc2 Kd4 62.Bxa4 f5 63.gxf5 g4 64.Bd1 g3
65.Bf3 Ke3 66.Bh1 Kf2 67.Kc2 g2 68.Bxg2 Kxg2 69.Kb3 Bc5 70.Kc4 Kf3 71.Kd5 Kf4
72.Ke6 Kg5 73.Ke5 Be7 74.Kd4  0-1

[Event "ch-LTU"]
[Site "Siauliai LTU"]
[Date "2007.05.05"]
[Round "1"]
[White "Jegorovas,A"]
[Black "Sulskis,S"]
[Result "0-1"]
[WhiteElo "2274"]
[BlackElo "2528"]

1.d4 Nf6 2.c4 e6 3.g3 c5 4.Nf3 cxd4 5.Nxd4 Qc7 6.Bg2 Qxc4 7.O-O Nc6 8.Nb3 Be7
9.Nc3 O-O 10.Bg5 h6 11.Bf4 d5 12.Rc1 Qb4 13.Bc7 Bd8 14.Bf4 e5 15.Bd2 Qd6
16.Be1 d4 17.Nb5 Qe7 18.a3 Bb6 19.Bxc6 bxc6 20.Bb4 Qd7 21.Bxf8 Kxf8 22.N5xd4 exd4
23.Nc5 Qd6 24.b4 a5 25.Rc4 axb4 26.axb4 Bh3 27.Rxd4 Qe7 28.Re1 g5 29.Qc2 Kg7
30.Red1 Nd5 31.Rc4 Kg8 32.Qd2 Nxb4 33.Ne4 Nd5 34.Qb2 Qe6  0-1

[Event "25th Liechtenstein Open"]
[Site "Triesen LIE"]
[Date "2007.05.12"]
[Round "2"]
[White "Heinig,Wo"]
[Black "Galje,H"]
[Result "1-0"]
[WhiteElo "2360"]
[BlackElo "2129"]

1.d4 Nf6 2.c4 e6 3.g3 c5 4.Nf3 cxd4 5.Nxd4 d5 6.Bg2 e5 7.Nf3 d4 8.O-O Nc6
9.e3 Bc5 10.exd4 exd4 11.Nbd2 O-O 12.Nb3 Qb6 13.Bf4 Re8 14.Rc1 Bg4 15.h3 Bh5
16.a3 a5 17.Nxc5 Qxc5 18.Qb3 Qa7 19.Bc7 Nd7 20.Qb5 Bg6 21.Rfd1 Rac8 22.Bd6 d3
23.c5 Nf8 24.Rd2 Ne6 25.Qc4 a4 26.Bf1 Red8 27.Rc3 Nb8 28.Qd5 Na6 29.Bxd3 Naxc5
30.Bxg6 hxg6 31.Bxc5 Rxc5 32.Rxc5 Rxd5 33.Rcxd5 Qb6 34.h4 Qb3 35.Ng5 Nxg5
36.Rd8+ Kh7 37.hxg5 f6 38.Rc8 Qe6 39.Rdd8 Qe1+ 40.Kg2 Qe4+ 41.Kh2  1-0

[Event "25th Liechtenstein Open"]
[Site "Triesen LIE"]
[Date "2007.05.19"]
[Round "9"]
[White "Van Heirzeele,D"]
[Black "Thesing,M"]
[Result "1/2-1/2"]
[WhiteElo "2228"]
[BlackElo "2396"]

1.d4 Nf6 2.c4 e6 3.g3 c5 4.Nf3 cxd4 5.Nxd4 Qb6 6.Bg2 Bc5 7.e3 Nc6 8.O-O Nxd4
9.exd4 Bxd4 10.Nc3 e5 11.Nb5 Bc5 12.Bg5 O-O 13.b4 Bxb4 14.Rb1 Bc5 15.Qe2 a6
16.Nd4 Qd8 17.Qxe5 d6 18.Qf4 h6 19.Bxf6 Qxf6 20.Qxf6 gxf6 21.Nb3 Ba3 22.Na5 Ra7
23.Nxb7 Bxb7  1/2-1/2

[Event "XXII Felix Cup"]
[Site "Felix Spa ROM"]
[Date "2007.05.27"]
[Round "4"]
[White "Szabo,At1"]
[Black "Tudor,A"]
[Result "1/2-1/2"]
[WhiteElo "2381"]
[BlackElo "2141"]

1.d4 Nf6 2.c4 e6 3.g3 c5 4.d5 exd5 5.cxd5 b5 6.Bg2 Bb7 7.e4 d6 8.Ne2 g6 9.O-O Bg7
10.a4 a6 11.Qb3 b4 12.a5 O-O 13.Nd2 Re8 14.Nf4 Nbd7 15.Nd3 Qc7 16.Re1 Ne5
17.Nxe5 Rxe5 18.Rf1 Rae8 19.Qd3 Bc8 20.Ra2 Qe7 21.f3 Bd7 22.Nc4 Bb5 23.Bf4 Nd7
24.b3 Rh5 25.g4 Bd4+ 26.Kh1 Rh4 27.Bg3 Rh6 28.Qd2 Bxc4 29.bxc4 g5 30.f4 Nf6
31.e5 Nxg4 32.exd6 Qxd6 33.Bf3 Re3 34.Qg2 gxf4 35.Bh4 Rxh4 36.Bxg4 Qg6 37.Bf5 Qxg2+
38.Rxg2+ Kf8 39.d6 f3 40.Rg3 Re2 41.h3 b3 42.d7 Bf6 43.Rgxf3 b2 44.Bg4 b1=Q
45.Rxb1 Bd8 46.Rf5 Re4 47.Kg2 Ke7 48.Rxc5 h5 49.Bf5 Rxc4 50.Rc8 Bxa5 51.Re1+ Kf6
52.Rf1 Rcf4 53.Bd3 Rxf1 54.Bxf1 Ke7 55.Bxa6 Kxd7 56.Rb8  1/2-1/2

[Event "35th World Open"]
[Site "King of Prussia USA"]
[Date "2007.06.01"]
[Round "3"]
[White "Mikhalevski,V"]
[Black "Smith,Bry"]
[Result "1-0"]
[WhiteElo "2590"]
[BlackElo "2386"]

1.d4 Nf6 2.c4 e6 3.g3 c5 4.d5 exd5 5.cxd5 b5 6.Bg2 d6 7.e4 Bb7 8.Nf3 Be7
9.O-O O-O 10.Re1 Re8 11.a4 b4 12.Nbd2 a5 13.Nc4 Nbd7 14.Nfd2 Bf8 15.Nb3 Ne5
16.Nxe5 Rxe5 17.Bf4 Re8 18.Nd2 Ba6 19.Qc2 Nd7 20.Bf1 Bxf1 21.Kxf1 Nb6 22.Nc4 Be7
23.Re2 Nxc4 24.Qxc4 Bf6 25.Rae1 g5 26.Bc1 Bd4 27.Be3 Rxe4 28.Qd3 Rxe3 29.fxe3 Be5
30.Kg2 Qd7 31.Rf1 Qg4 32.Rxf7 Kxf7 33.Qxh7+ Ke8 34.Rf2 Bf6 35.Rxf6 Qe2+ 36.Rf2 Qxe3
37.Qg8+  1-0

[Event "ch-URU"]
[Site "Montevideo URU"]
[Date "2007.06.01"]
[Round "1"]
[White "Lopez Falcon,J"]
[Black "Bauza,A"]
[Result "0-1"]
[WhiteElo "2144"]
[BlackElo "2220"]

1.d4 Nf6 2.c4 e6 3.g3 c5 4.Nf3 cxd4 5.Nxd4 Nc6 6.Bg2 a6 7.O-O Qc7 8.Nc3 d6
9.b3 Bd7 10.Bb2 Be7 11.e3 O-O 12.Qe2 Rab8 13.Rfd1 Nxd4 14.Rxd4 b5 15.cxb5 axb5
16.b4 Rfc8 17.a3 Bc6 18.Rc1 Bxg2 19.Kxg2 Qb7+ 20.Kg1 Nd7 21.f3 Ne5 22.Kf2 Nc4
23.Nxb5 Nxb2 24.Rxc8+ Rxc8 25.Nxd6 Bxd6 26.Rxd6 Qc7 27.Rd4 Nc4 28.a4 g6 29.h4 h5
30.b5 Qc5 31.Qc2 Qb4 32.e4 Qc5  0-1

[Event "5th V Nabokov Mem"]
[Site "Kyiv UKR"]
[Date "2007.06.06"]
[Round "4"]
[White "Golichenko,I"]
[Black "Pavlov,S2"]
[Result "1/2-1/2"]
[WhiteElo "2316"]
[BlackElo "2436"]

1.d4 Nf6 2.c4 e6 3.g3 c5 4.d5 exd5 5.cxd5 d6 6.Nc3 g6 7.Bg2 Bg7 8.Nf3 O-O
9.O-O Nbd7 10.Nd2 a6 11.a4 Re8 12.h3 Rb8 13.Nc4 Nb6 14.Na3 Bd7 15.Re1 Nc8
16.Qd3 Qc7 17.e4 Na7 18.Nc4 b5 19.axb5 Nxb5 20.Bd2 Nxc3 21.Bxc3 Bb5 22.f4 Nh5
23.Bxg7 Nxg7 24.b3 Qb7 25.Qc3 Bxc4 26.bxc4 Qb3 27.Re3 Qxc3 28.Rxc3 Rb6 29.Rca3 Ra8
30.Bf3 f6 31.Bd1 Rb4 32.Be2 Re8 33.Bd3 f5 34.g4 fxe4 35.Be2 Rf8 36.Rxa6 Rb2
37.Re1 Rxf4 38.Rxd6 e3 39.Rc6 Rf2 40.Bf1 Rf3 41.Rxc5 h5 42.d6 Rd2 43.Rd5 Rf6
44.d7 Rd6 45.Rxd6 Rxd6 46.Rxe3 Rxd7 47.Bg2 hxg4 48.hxg4 Rd4 49.Bd5+ Kf8 50.Re4 Rxe4
51.Bxe4 g5 52.Kf2 Ke7 53.Ke3 Kd6 54.Bd5 Ke5 55.Bc6 Ne6 56.Bd7 Nc5 57.Bc8 Ne4
58.Kd3 Nc5+ 59.Kc3 Ne4+ 60.Kb4 Kd4 61.Bf5 Nc5 62.Kb5 Nb7 63.Be6 Nd6+ 64.Kb4 Ne4
65.Bf5 Nc5 66.Bc8 Ne4  1/2-1/2

[Event "29th Mem Nezhmetdinov"]
[Site "Kazan RUS"]
[Date "2007.06.07"]
[Round "7"]
[White "Virovlansky,S"]
[Black "Fedorov,E"]
[Result "1-0"]
[WhiteElo "2445"]
[BlackElo "2225"]

1.d4 Nf6 2.c4 e6 3.g3 c5 4.Nf3 cxd4 5.Nxd4 Nc6 6.Bg2 Qb6 7.Nb3 Bb4+ 8.Bd2 d5
9.cxd5 Nxd5 10.O-O O-O 11.e4 Nf6 12.Be3 Qc7 13.a3 Be7 14.Nc3 a6 15.Rc1 Bd7
16.Na4 Rac8 17.Qe2 Qb8 18.Nb6 Rcd8 19.f4 e5 20.Nd5 Rfe8 21.Bb6 Rc8 22.Rfd1 Nxd5
23.exd5 exf4 24.dxc6 Bc5+ 25.Nxc5 Rxe2 26.cxd7 Rd8 27.Bxd8 fxg3 28.Bc7  1-0

[Event "2nd Maia Chiburdanidze Cup"]
[Site "Tbilisi GEO"]
[Date "2007.06.07"]
[Round "2"]
[White "Batsiashvili,N"]
[Black "Arutinian,D"]
[Result "1/2-1/2"]
[WhiteElo "2317"]
[BlackElo "2544"]

1.d4 Nf6 2.c4 e6 3.g3 c5 4.d5 exd5 5.cxd5 b5 6.Bg2 d6 7.e4 Nbd7 8.f4 g6 9.Qe2 Nb6
10.Qxb5+ Nfd7 11.Nc3 Bg7 12.Nge2 a5 13.Qd3 Ba6 14.Qc2 O-O 15.O-O Re8 16.Rd1 Ra7
17.a4 Qa8 18.h3 Rc8 19.Kh2 Qb8 20.Ra3 Re8 21.Nb5 Bxb5 22.axb5 a4 23.Bd2 Nxd5
24.Rxa4 Rxa4 25.Qxa4 N7b6 26.Qc2 Nc7 27.Qd3 Na4 28.Bc1 Qxb5 29.Nc3 Qxd3 30.Rxd3 Nxc3
31.bxc3 Nb5 32.e5 c4  1/2-1/2

[Event "11th Master Open"]
[Site "Voronezh RUS"]
[Date "2007.06.16"]
[Round "5"]
[White "Ulko,J"]
[Black "Rozum,I"]
[Result "1-0"]
[WhiteElo "2486"]
[BlackElo "2358"]

1.d4 Nf6 2.c4 e6 3.g3 c5 4.Nf3 cxd4 5.Nxd4 a6 6.Bg2 Qc7 7.Nd2 Nc6 8.Nxc6 dxc6
9.O-O Be7 10.Qc2 c5 11.Nf3 Bd7 12.Bf4 Bd6 13.Bxd6 Qxd6 14.e4 Qc7 15.e5 Ng8
16.Rad1 Bc6 17.Ng5 Bxg2 18.Kxg2 Ne7 19.f4 Nf5 20.Qe4 Nd4 21.Nf3 Qc6 22.Qxc6+ Nxc6
23.Ng5 Nd4 24.Rd3 a5 25.Rfd1 O-O 26.Nf3 Nc6 27.Rd7 Rab8 28.Rc7 Rfc8 29.Rxc8+ Rxc8
30.Rd7 a4 31.Ng5 Rd8 32.Rxd8+ Nxd8 33.Ne4 Nc6 34.Nxc5 Na5 35.Nxa4 Nxc4 36.b3 Ne3+
37.Kf3 Nd5 38.a3 Kf8 39.Ke4 Ke7 40.Kd4 f6 41.exf6+ gxf6 42.Nc3 Nb6 43.a4 Nd7
44.Ne4 e5+ 45.fxe5 Nxe5 46.Kd5 Nf3 47.h3 Ng1 48.a5 Nxh3 49.Nd6 Kd7 50.Nxb7 Nf2
51.Nc5+ Kc7 52.b4 Nh1 53.b5 Nxg3 54.b6+ Kb8 55.a6 Nf5  1-0